00526nam a2200169 450000500170000001000150001702000260003203500140005803700090007208200140008110000140009524500990010925000060020826000580021427000590027230000250033120241008151257.0 aENG-141964 c425.00a9788173719370 aEN-125496 bDBAD a573.6721 aGhosh, UK aCommon Obstetrical and Gynecological Conditions:bA Clinical Management Handbook/cBy UK Ghosh a1 aHyderabadbUniversities Press (India) Pvt. Ltd.c2014 a3-6-747/A & 3-6-754/1, HimayatnagarbHyderabade500029 aviii,234p.c24cm(pb)